Rivers of India - Statistics

General Stats
  • This quiz has been taken 72 times
  • The average score is 13 of 40
Answers on the Map
Answers color-coded by a green-red scale on the quiz's map according to % correct below.
 
Answer Stats
Answer % Correct
Ganges
100%
Brahmaputra
94%
Indus
81%
Krishna
74%
Yamuna
74%
Godavari
61%
Ravi
61%
Beas
58%
Narmada
58%
Satluj
58%
Kaveri
48%
Chenab
45%
Jhelum
45%
Mahanadi
45%
Chambal
35%
Kosi
32%
Tapi
32%
Gandak
26%
Betwa
23%
Luni
23%
Sabarmati
23%
Son
23%
Bhima
19%
Ghaghara
19%
Gomati
19%
Tungabhadra
19%
Lohit
13%
Mahi
13%
Subarnarekha
10%
Dihang
6%
Indravati
6%
Subansiri
6%
Wainganga
6%
Banas
3%
Barak
3%
Manas
3%
Parbati
3%
Penner
3%
Tel
3%
Brahmani
0%
No matching quizzes found
Score Distribution
Percent of People with Each Score
Percentile by Number Answered
Your Score History
You have not taken this quiz